[Event "St Petersburg White Nights op"]
[Site "St Petersburg"]
[Date "2011.06.09"]
[Round "3"]
[White "Schekachikhin, Maksim"]
[Black "Rykov, Ivan"]
[Result "1-0"]
[WhiteElo "1936"]
[BlackElo "1768"]
[PlyCount "43"]
[EventDate "2011.06.07"]
[EventType "swiss"]
[EventRounds "9"]
[EventCountry "RUS"]
[SourceTitle "EXT 2012"]
[Source "ChessBase"]
[SourceDate "2011.11.24"]
[SourceVersion "1"]
[SourceVersionDate "2011.11.24"]
[SourceQuality "1"]

1. Nf3 d5 2. g3 c5 3. Bg2 Bf5 4. c4 dxc4 5. Ne5 Qc7 6. Nc3 Nf6 7. Nxc4 Bd7 8. 0-0 e6 9. d3 Bc6 10. Bf4 Qd8 11. e4 Be7 12. e5 Bxg2 13. exf6 Bxf1 14. fxe7 Qxe7 15. Qxf1 Qd7 16. Nd6+ Ke7 17. Qe2 f6 18. Rd1 e5 19. Bxe5 fxe5 20. Qxe5+ Kd8 21. Nd5 h6 22. Nf6 1-0

[Event "St Petersburg White Nights op"]
[Site "St Petersburg"]
[Date "2011.06.08"]
[Round "2"]
[White "Rykov, Ivan"]
[Black "Kholova, Elena"]
[Result "0-1"]
[WhiteElo "1768"]
[BlackElo "1769"]
[PlyCount "94"]
[EventDate "2011.06.07"]
[EventType "swiss"]
[EventRounds "9"]
[EventCountry "RUS"]
[SourceTitle "EXT 2012"]
[Source "ChessBase"]
[SourceDate "2011.11.24"]
[SourceVersion "1"]
[SourceVersionDate "2011.11.24"]
[SourceQuality "1"]

1. d4 d5 2. c4 e6 3. Nc3 Nf6 4. Nf3 c6 5. e3 Nbd7 6. Bd3 dxc4 7. Bxc4 b5 8. Bd3 Bb7 9. Bd2 a6 10. Rc1 c5 11. dxc5 Nxc5 12. Bb1 Nd3+ 13. Bxd3 Qxd3 14. Qe2 Rd8 15. Qxd3 Rxd3 16. Ke2 Rd7 17. Rcd1 Be7 18. Bc1 Nd5 19. Nxd5 Rxd5 20. Rd2 Bf6 21. b3 Bc3 22. Rxd5 Bxd5 23. Rd1 Ke7 24. Bd2 Bxd2 25. Rxd2 Rc8 26. g3 f6 27. Nd4 g5 28. Rc2 Rxc2+ 29. Nxc2 Kd6 30. Nb4 Bb7 31. Nd3 a5 32. a3 Be4 33. Nb2 Kc5 34. Nd3+ Kd5 35. Nb2 Bc2 36. b4 axb4 37. axb4 g4 38. f3 gxf3+ 39. Kxf3 Be4+ 40. Ke2 Bg2 41. Kf2 Bh1 42. Kg1 Bf3 43. Kf2 Ke4 44. h3 f5 45. g4 fxg4 46. hxg4 Bxg4 47. Kg3 h5 0-1

[Event "Sibiria Region-ch"]
[Site "Barnaul"]
[Date "2011.05.25"]
[Round "6"]
[White "Sergeev, Albert"]
[Black "Rykov, Ivan"]
[Result "0-1"]
[WhiteElo "2323"]
[BlackElo "2305"]
[PlyCount "120"]
[EventDate "2011.05.20"]
[EventType "swiss"]
[EventRounds "9"]
[EventCountry "RUS"]
[SourceTitle "EXT 2012"]
[Source "ChessBase"]
[SourceDate "2011.11.24"]
[SourceVersion "1"]
[SourceVersionDate "2011.11.24"]
[SourceQuality "1"]

1. e4 c5 2. Nf3 d6 3. d4 cxd4 4. Nxd4 Nf6 5. Nc3 g6 6. Be3 Bg7 7. f3 0-0 8. Qd2 Nc6 9. 0-0-0 d5 10. exd5 Nxd5 11. Nxc6 bxc6 12. Bd4 Bxd4 13. Qxd4 Qb6 14. Nxd5 cxd5 15. Qxb6 axb6 16. a3 Rd8 17. Rd4 e5 18. Rb4 Rd6 19. Be2 Ra5 20. f4 d4 21. fxe5 Rxe5 22. Bf3 Bf5 23. Kd2 Rc5 24. Rc1 h5 25. Be2 Re5 26. Rb5 Rxb5 27. Bxb5 Be4 28. g3 Kg7 29. Bd3 Bg2 30. Rg1 Bh3 31. Bf1 Bd7 32. Bg2 Bf5 33. Re1 Rf6 34. Rf1 Re6 35. Rf2 Re7 36. Bf1 Be4 37. a4 f5 38. Bd3 Bc6 39. b3 Kf6 40. Rf1 Ke5 41. Ra1 Ra7 42. Re1+ Be4 43. Ra1 h4 44. gxh4 Rh7 45. Rg1 Rxh4 46. Rxg6 Rxh2+ 47. Kc1 Bxd3 48. cxd3 Kf4 49. Rxb6 Ke3 50. a5 f4 51. a6 f3 52. b4 f2 53. Rf6 Rh6 54. Rxf2 Kxf2 55. b5 Rh1+ 56. Kc2 Ra1 57. Kb3 Ke3 58. Kc4 Ra4+ 59. Kc5 Kxd3 60. b6 Ra5+ 0-1

[Event "Sibiria Region-ch"]
[Site "Barnaul"]
[Date "2011.05.21"]
[Round "2"]
[White "Maletin, Pavel"]
[Black "Rykov, Ivan"]
[Result "1-0"]
[WhiteElo "2570"]
[BlackElo "2305"]
[PlyCount "87"]
[EventDate "2011.05.20"]
[EventType "swiss"]
[EventRounds "9"]
[EventCountry "RUS"]
[SourceTitle "EXT 2012"]
[Source "ChessBase"]
[SourceDate "2011.11.24"]
[SourceVersion "1"]
[SourceVersionDate "2011.11.24"]
[SourceQuality "1"]

1. d4 Nf6 2. c4 g6 3. g3 Bg7 4. Bg2 0-0 5. Nc3 d6 6. Nf3 c6 7. 0-0 Qa5 8. e4 e5 9. h3 Nbd7 10. Re1 exd4 11. Nxd4 Ne5 12. Bf1 Re8 13. Rb1 c5 14. Nb3 Qb4 15. Bd2 Qb6 16. Nb5 Be6 17. Ba5 Qc6 18. Nc7 b6 19. Nxe8 Rxe8 20. Bc3 Nxc4 21. Bg2 Qc8 22. Kh2 b5 23. a3 Qc7 24. Nd2 Ne5 25. Nf3 Nc6 26. Rc1 a5 27. b4 Rd8 28. bxc5 dxc5 29. Qc2 c4 30. Qb2 b4 31. axb4 axb4 32. Bxf6 c3 33. Bxd8 Qxd8 34. Qe2 b3 35. e5 Qa5 36. Ra1 Qb4 37. Qa6 Nb8 38. Qa5 Bf8 39. Qxb4 Bxb4 40. Ra8 Kg7 41. Rxb8 Bc5 42. Ng5 Bc4 43. Ne4 Bd4 44. Rb4 1-0

[Event "Sibiria Region-chT"]
[Site "Kemerovo"]
[Date "2010.11.21"]
[Round "4"]
[White "Rykov, Ivan"]
[Black "Pavlovskiy, Pavel"]
[Result "1-0"]
[WhiteElo "2294"]
[BlackElo "2107"]
[PlyCount "47"]
[EventDate "2010.11.19"]
[EventType "team-tourn"]
[EventRounds "5"]
[EventCountry "RUS"]
[SourceTitle "EXT 2012"]
[Source "ChessBase"]
[SourceDate "2011.11.24"]
[SourceVersion "1"]
[SourceVersionDate "2011.11.24"]
[SourceQuality "1"]

1. d4 d5 2. Nf3 Nf6 3. c4 c6 4. Nc3 a6 5. e3 b5 6. c5 Bg4 7. Qb3 Bxf3 8. gxf3 e5 9. a4 exd4 10. exd4 Nbd7 11. axb5 axb5 12. Rxa8 Qxa8 13. Bxb5 cxb5 14. 0-0 g5 15. Qxb5 Qc8 16. c6 Nb8 17. c7+ Nbd7 18. Re1+ Be7 19. Qc6 Kf8 20. Nb5 Ne8 21. Qh6+ Ng7 22. Rxe7 Kxe7 23. Qd6+ Ke8 24. Na7 1-0

[Event "Sibiria Region-ch"]
[Site "Irkutsk"]
[Date "2010.05.19"]
[Round "6"]
[White "Keosidi, Konstantin"]
[Black "Rykov, Ivan"]
[Result "0-1"]
[WhiteElo "2395"]
[BlackElo "2268"]
[PlyCount "114"]
[EventDate "2010.05.15"]
[EventType "swiss"]
[EventRounds "9"]
[EventCountry "RUS"]
[SourceTitle "CBM 136 Extra"]
[Source "ChessBase"]
[SourceDate "2010.07.02"]
[SourceVersion "2"]
[SourceVersionDate "2010.07.15"]
[SourceQuality "1"]

1. e4 c5 2. Nc3 Nc6 3. g3 g6 4. Bg2 Bg7 5. d3 d6 6. f4 Nf6 7. Nf3 0-0 8. 0-0 Rb8 9. h3 b5 10. g4 b4 11. Ne2 Ba6 12. Ng3 c4 13. d4 c3 14. Re1 cxb2 15. Bxb2 Qb6 16. Kh2 Na5 17. Nd2 Rfd8 18. Rb1 Rbc8 19. Nb3 Nc4 20. Bc1 e5 21. f5 d5 22. Nc5 Nxe4 23. Ngxe4 dxe4 24. Nxa6 Qxa6 25. d5 Qxa2 26. Rxb4 Nb6 27. Bxe4 Nxd5 28. Rb2 Qa5 29. Bd2 Qc5 30. Qf3 Qd4 31. Bg5 Qxb2 32. Bxd8 Nc3 33. Bg5 Nxe4 34. Rxe4 Rxc2+ 35. Kg3 Rc3 36. Re3 e4 37. Qxe4 Rxe3+ 38. Bxe3 Qe5+ 39. Kf3 Qxe4+ 40. Kxe4 a5 41. Kd5 gxf5 42. gxf5 Bb2 43. Kc4 a4 44. Bh6 a3 45. Kb3 f6 46. h4 Kf7 47. h5 Ke7 48. Bg7 Bc1 49. Ka2 Kf7 50. Bh8 Bh6 51. Bxf6 Kxf6 52. Kxa3 Kxf5 53. Kb3 Kg4 54. Kc3 Kxh5 55. Kd3 Kg4 56. Ke2 Kg3 57. Kf1 Be3 0-1

[Event "Novokuznetsk op"]
[Site "Novokuznetsk"]
[Date "2010.01.06"]
[Round "5"]
[White "Medvedev, Emelian"]
[Black "Rykov, Ivan"]
[Result "0-1"]
[WhiteElo "2112"]
[BlackElo "2263"]
[PlyCount "86"]
[EventDate "2010.01.02"]
[EventType "swiss"]
[EventRounds "10"]
[EventCountry "RUS"]
[SourceTitle "CBM 134 Extra"]
[Source "ChessBase"]
[SourceDate "2010.03.03"]
[SourceVersion "1"]
[SourceVersionDate "2010.03.03"]
[SourceQuality "1"]

1. d4 Nf6 2. c4 g6 3. Nc3 Bg7 4. e4 d6 5. Nf3 0-0 6. Be2 e5 7. 0-0 exd4 8. Nxd4 Re8 9. f3 c6 10. Nb3 a5 11. Na4 d5 12. cxd5 cxd5 13. Be3 Nbd7 14. Qd2 dxe4 15. Rad1 Qe7 16. Rfe1 Qb4 17. Qxb4 axb4 18. Bb5 exf3 19. Nbc5 Ra5 20. Bxd7 Bxd7 21. Nxd7 Nxd7 22. b3 Ne5 23. Bc5 fxg2 24. Kxg2 b5 25. Bxb4 Raa8 26. Nc3 Nc6 27. Rxe8+ Rxe8 28. Nd5 Nxb4 29. Nxb4 Bf8 30. Rd4 Re2+ 31. Kh1 Kg7 32. a4 bxa4 33. bxa4 Bxb4 34. Rxb4 Ra2 35. Kg1 g5 36. Rb5 Kg6 37. Ra5 h5 38. Ra8 h4 39. a5 h3 40. a6 Kf5 41. a7 Kg4 42. Kf1 f5 43. Kg1 Kf3 0-1

[Event "Novokuznetsk op"]
[Site "Novokuznetsk"]
[Date "2010.01.04"]
[Round "3"]
[White "Sitnikov, Dmitrij"]
[Black "Rykov, Ivan"]
[Result "1-0"]
[WhiteElo "2423"]
[BlackElo "2263"]
[PlyCount "73"]
[EventDate "2010.01.02"]
[EventType "swiss"]
[EventRounds "10"]
[EventCountry "RUS"]
[SourceTitle "CBM 134 Extra"]
[Source "ChessBase"]
[SourceDate "2010.03.03"]
[SourceVersion "1"]
[SourceVersionDate "2010.03.03"]
[SourceQuality "1"]

1. e4 c5 2. Nf3 d6 3. d4 cxd4 4. Nxd4 Nf6 5. Nc3 g6 6. Be2 Bg7 7. 0-0 0-0 8. Re1 Nc6 9. Nb3 Be6 10. Bf1 Rc8 11. Bg5 h6 12. Bh4 g5 13. Bg3 Nd7 14. Rb1 Nde5 15. Nd5 f5 16. exf5 Bxf5 17. Rc1 Kh8 18. c4 e6 19. Ne3 Bg6 20. Qd2 a5 21. Rcd1 a4 22. Nc1 Qb6 23. Qxd6 Qxb2 24. Qxe6 Bf7 25. Qh3 Rce8 26. Nd3 Qxa2 27. Nxe5 Nxe5 28. Nf5 g4 29. Qh4 Ng6 30. Qxg4 Rxe1 31. Rxe1 Qd2 32. Re3 Qd7 33. Re7 Qc6 34. Nxg7 Nxe7 35. Be5 Kh7 36. Ne6 Ng6 37. Nxf8+ 1-0

[Event "Novokuznetsk op"]
[Site "Novokuznetsk"]
[Date "2010.01.03"]
[Round "2"]
[White "Rykov, Ivan"]
[Black "Spirin, Alexandr"]
[Result "1-0"]
[WhiteElo "2263"]
[BlackElo "1951"]
[PlyCount "117"]
[EventDate "2010.01.02"]
[EventType "swiss"]
[EventRounds "10"]
[EventCountry "RUS"]
[SourceTitle "CBM 134 Extra"]
[Source "ChessBase"]
[SourceDate "2010.03.03"]
[SourceVersion "1"]
[SourceVersionDate "2010.03.03"]
[SourceQuality "1"]

1. d4 Nf6 2. Nf3 e6 3. c4 d5 4. Nc3 c6 5. Bg5 Nbd7 6. e3 Be7 7. Bd3 0-0 8. 0-0 Re8 9. Rc1 Nf8 10. Qe2 Ng6 11. Rfd1 Nd7 12. Bf4 Nxf4 13. exf4 Nf6 14. Ne5 dxc4 15. Bxc4 Nd5 16. Qh5 g6 17. Qf3 Bf8 18. Ne4 Bg7 19. a3 Qe7 20. Ba2 Bd7 21. h4 Rad8 22. g3 Bc8 23. h5 Nf6 24. hxg6 hxg6 25. Ng5 Rf8 26. Bb1 Qe8 27. Qh1 Rd7 28. Nxd7 Qxd7 29. Nf3 Rd8 30. Ne5 Qd5 31. Qxd5 Nxd5 32. Kg2 Bf6 33. Be4 Kg7 34. Nf3 Ne7 35. g4 Nd5 36. Bxd5 Rxd5 37. g5 Bd8 38. Rc5 Bc7 39. Rxd5 exd5 40. Kg3 Bf5 41. Nh4 Be6 42. Kf3 Bd8 43. Ke3 Bb6 44. b4 Bd7 45. Nf3 Bg4 46. Rd2 Bf5 47. Ne5 Bd8 48. Nd3 Bc7 49. Rd1 Bd6 50. Rc1 Be7 51. Nc5 Bc8 52. Nb3 Bd7 53. Rc3 Bd6 54. Na5 Be7 55. Nxb7 f6 56. gxf6+ Kxf6 57. Na5 c5 58. dxc5 Kf5 59. Nb3 1-0

[Event "Novokuznetsk op"]
[Site "Novokuznetsk"]
[Date "2010.01.02"]
[Round "1"]
[White "Chernov, Mikhail"]
[Black "Rykov, Ivan"]
[Result "1-0"]
[WhiteElo "2094"]
[BlackElo "2263"]
[PlyCount "83"]
[EventDate "2010.01.02"]
[EventType "swiss"]
[EventRounds "10"]
[EventCountry "RUS"]
[SourceTitle "CBM 134 Extra"]
[Source "ChessBase"]
[SourceDate "2010.03.03"]
[SourceVersion "1"]
[SourceVersionDate "2010.03.03"]
[SourceQuality "1"]

1. e4 c5 2. Nf3 d6 3. d4 cxd4 4. Nxd4 Nf6 5. Nc3 g6 6. Be3 Bg7 7. f3 0-0 8. Qd2 Nc6 9. Bc4 Bd7 10. 0-0-0 Ne5 11. Bb3 Rc8 12. Kb1 Nc4 13. Bxc4 Rxc4 14. g4 Qc7 15. h4 Rc8 16. h5 b5 17. hxg6 fxg6 18. Nd5 Nxd5 19. exd5 Be5 20. Qf2 Bxd4 21. Bxd4 e5 22. dxe6 Bxe6 23. Rh2 Qf7 24. Qe3 Re8 25. Rdh1 Rcc8 26. Qf2 Re7 27. b3 Qf4 28. Bb2 Bd5 29. Qh4 Rce8 30. Qf2 Qxf3 31. Qd2 Re2 32. Qh6 Re1+ 33. Rxe1 Rxe1+ 34. Bc1 Qf7 35. Qd2 Rf1 36. Qd3 Qf3 37. Qxb5 Qd1 38. Qb8+ Rf8 39. Qxd6 Rf1 40. Qb8+ Rf8 41. Qxa7 Qxg4 42. Qxh7# 1-0

[Event "Sibiria Region-chT"]
[Site "Berdsk"]
[Date "2009.12.13"]
[Round "2"]
[White "Rykov, Ivan"]
[Black "Postnikov, Alexey"]
[Result "1-0"]
[WhiteElo "2334"]
[BlackElo "1982"]
[PlyCount "65"]
[EventDate "2009.12.12"]
[EventType "team-tourn"]
[EventRounds "5"]
[EventCountry "RUS"]
[SourceTitle "CBM 134 Extra"]
[Source "ChessBase"]
[SourceDate "2010.03.03"]
[SourceVersion "1"]
[SourceVersionDate "2010.03.03"]
[SourceQuality "1"]

1. d4 Nf6 2. Nf3 e6 3. c4 d5 4. Nc3 Be7 5. e3 0-0 6. Bd3 Nbd7 7. 0-0 b6 8. cxd5 exd5 9. Ne5 Bb7 10. f4 c5 11. Bd2 Rc8 12. Rc1 Ne4 13. Be1 Nxe5 14. fxe5 Bg5 15. Bxe4 dxe4 16. d5 Bxe3+ 17. Bf2 Bxc1 18. Qxc1 Qe7 19. Qf4 Rcd8 20. Rd1 f6 21. e6 b5 22. Qxe4 Rfe8 23. Qf5 b4 24. Na4 Qxe6 25. dxe6 Rxd1+ 26. Be1 Rxe1+ 27. Kf2 R8xe6 28. Qxc5 R6e2+ 29. Kg3 Rxg2+ 30. Kh3 Re5 31. Qc4+ Kh8 32. Qf7 Bd5 33. Qf8+ 1-0

[Event "Samara-ch"]
[Site "Samara"]
[Date "2009.04.30"]
[Round "9"]
[White "Sevastianov, Viktor"]
[Black "Rykov, Ivan"]
[Result "1/2-1/2"]
[WhiteElo "2018"]
[BlackElo "2261"]
[PlyCount "136"]
[EventDate "2009.04.07"]
[EventType "swiss"]
[EventRounds "9"]
[EventCountry "RUS"]
[SourceTitle "EXT 2012"]
[Source "ChessBase"]
[SourceDate "2011.11.24"]
[SourceVersion "1"]
[SourceVersionDate "2011.11.24"]
[SourceQuality "1"]

1. d4 Nf6 2. Nf3 c5 3. e3 e6 4. Bd3 d5 5. b3 Nc6 6. a3 a6 7. Bb2 b5 8. dxc5 Bxc5 9. Nbd2 0-0 10. 0-0 Re8 11. e4 d4 12. a4 b4 13. Nc4 e5 14. Bc1 Bg4 15. Bg5 h6 16. Bh4 Re6 17. h3 Bxf3 18. Qxf3 Qc7 19. Rae1 Ne7 20. Qd1 Ng6 21. Bg3 Rae8 22. Bh2 Nf4 23. Qf3 Ng6 24. g3 Nd7 25. Qg2 Rf6 26. h4 Ngf8 27. Kh1 Ne6 28. Re2 Rg6 29. Qh3 Rf6 30. f3 Ndf8 31. Ref2 Bd6 32. f4 exf4 33. Nxd6 Qxd6 34. gxf4 Nc5 35. e5 Qd5+ 36. Qg2 Qxg2+ 37. Kxg2 Nxd3 38. cxd3 Rg6+ 39. Kf3 Rc6 40. Ke4 Rc3 41. Rb1 Nh7 42. Rd2 Nf6+ 43. Kxd4 Rd8+ 44. Ke3 Ng4+ 45. Kf3 Nxh2+ 46. Rxh2 Rdxd3+ 47. Ke4 Rxb3 48. Rxb3 Rxb3 49. a5 Ra3 50. Rb2 b3 51. Kf5 Kf8 52. h5 Ke7 53. Rb1 Kd7 54. Rb2 Kc6 55. Rb1 Kd5 56. e6 fxe6+ 57. Kg6 b2 58. Rxb2 Rg3+ 59. Kf7 Ke4 60. Re2+ Re3 61. Rxe3+ Kxe3 62. Kxg7 Kxf4 63. Kxh6 e5 64. Kg6 e4 65. h6 e3 66. h7 e2 67. h8Q e1Q 68. Qf6+ Kg3 1/2-1/2

[Event "Samara-ch"]
[Site "Samara"]
[Date "2009.04.24"]
[Round "6"]
[White "Rykov, Ivan"]
[Black "Makarov, Yuriy"]
[Result "1-0"]
[WhiteElo "2261"]
[BlackElo "2267"]
[PlyCount "101"]
[EventDate "2009.04.07"]
[EventType "swiss"]
[EventRounds "9"]
[EventCountry "RUS"]
[SourceTitle "EXT 2012"]
[Source "ChessBase"]
[SourceDate "2011.11.24"]
[SourceVersion "1"]
[SourceVersionDate "2011.11.24"]
[SourceQuality "1"]

1. d4 Nf6 2. c4 d5 3. Nc3 c6 4. Bg5 e6 5. f3 Be7 6. a4 dxc4 7. e4 h6 8. Be3 0-0 9. Bxc4 Nbd7 10. Nge2 b6 11. Nf4 e5 12. Ng6 Re8 13. dxe5 Nh5 14. Qb3 Nc5 15. Bxf7+ Kh7 16. Bxc5 Bxc5 17. f4 Qd4 18. Qc2 Bg4 19. Qd2 Qxd2+ 20. Kxd2 Red8+ 21. Kc2 Rd7 22. e6 Rxf7 23. exf7 Kxg6 24. f5+ Kxf7 25. h3 Bxf5 26. exf5 Ng3 27. Rhe1 Nxf5 28. Rf1 Kg6 29. Kb3 Ne3 30. Rf3 Nf5 31. Rd3 Re8 32. Ka2 Re7 33. Rf1 Nd4 34. Rf4 Nc2 35. Kb3 Na1+ 36. Kc4 Nc2 37. Re4 Rf7 38. a5 Bf8 39. Rf3 Rxf3 40. gxf3 Kf5 41. Ne2 Bd6 42. axb6 axb6 43. Nd4+ Nxd4 44. Kxd4 g5 45. b3 Bc5+ 46. Kd3 h5 47. Rc4 Ke5 48. b4 Bg1 49. Rxc6 Kf4 50. Ke2 Kg3 51. Rg6 1-0

[Event "Samara-ch"]
[Site "Samara"]
[Date "2009.04.14"]
[Round "3"]
[White "Rykov, Ivan"]
[Black "Shmyrov, Maxim"]
[Result "1-0"]
[WhiteElo "2261"]
[BlackElo "1912"]
[PlyCount "51"]
[EventDate "2009.04.07"]
[EventType "swiss"]
[EventRounds "9"]
[EventCountry "RUS"]
[SourceTitle "EXT 2012"]
[Source "ChessBase"]
[SourceDate "2011.11.24"]
[SourceVersion "1"]
[SourceVersionDate "2011.11.24"]
[SourceQuality "1"]

1. d4 Nf6 2. c4 g6 3. Nc3 Bg7 4. e4 d6 5. f4 0-0 6. Nf3 c5 7. d5 e6 8. e5 dxe5 9. fxe5 Ng4 10. Bf4 exd5 11. cxd5 Re8 12. Bb5 Bd7 13. Qe2 Nxe5 14. Nxe5 Bxb5 15. Nxb5 Bxe5 16. Bxe5 f6 17. 0-0 Rxe5 18. Qc4 Na6 19. Rad1 Kg7 20. d6 Qa5 21. d7 Rd8 22. Nd6 Qc7 23. Qf7+ Kh6 24. Qxf6 Re2 25. Nf7+ Kh5 26. Qg5# 1-0

[Event "Pula op 20th"]
[Site "Pula"]
[Date "2006.06.24"]
[Round "8"]
[White "Saric, Ante"]
[Black "Rykov, Ivan"]
[Result "1-0"]
[WhiteElo "2474"]
[BlackElo "2334"]
[PlyCount "57"]
[EventDate "2006.06.18"]
[EventType "swiss"]
[EventRounds "9"]
[EventCountry "CRO"]
[SourceTitle "CBM 112 Extra"]
[Source "ChessBase"]
[SourceDate "2006.07.14"]
[SourceVersion "1"]
[SourceVersionDate "2006.07.14"]
[SourceQuality "1"]

1. d4 Nf6 2. c4 g6 3. Nc3 Bg7 4. e4 d6 5. Nf3 0-0 6. Be2 e5 7. 0-0 exd4 8. Nxd4 Re8 9. f3 c6 10. Kh1 h6 11. Nc2 Na6 12. Be3 d5 13. cxd5 cxd5 14. exd5 Nb4 15. Nxb4 Rxe3 16. Qd2 Re8 17. Bb5 Re5 18. Nd3 Rg5 19. Bc4 a6 20. Ne4 Rh5 21. Nf4 Re5 22. d6 b5 23. Nxg6 Rxe4 24. fxe4 bxc4 25. Ne7+ Kh7 26. e5 Ng4 27. Rxf7 Nxe5 28. Rxg7+ Kxg7 29. Qd4 1-0

[Event "RUS-ch U26"]
[Site "Ufa"]
[Date "2004.05.12"]
[Round "8"]
[White "Maletin, Pavel"]
[Black "Rykov, Ivan"]
[Result "1/2-1/2"]
[WhiteElo "2423"]
[BlackElo "2283"]
[PlyCount "78"]
[EventDate "2004.05.??"]
[EventType "swiss"]
[EventRounds "9"]
[EventCountry "RUS"]
[SourceTitle "EXT 2005"]
[Source "ChessBase"]
[SourceDate "2004.11.15"]
[SourceVersion "1"]
[SourceVersionDate "2004.11.15"]
[SourceQuality "1"]

1. Nf3 Nf6 2. g3 g6 3. Bg2 Bg7 4. d4 0-0 5. c4 d6 6. 0-0 Nbd7 7. Nc3 e5 8. e4 c6 9. h3 exd4 10. Nxd4 Re8 11. Be3 Nc5 12. Qc2 a5 13. Rad1 Nfd7 14. b3 Qb6 15. Nde2 Qb4 16. Bd2 Qb6 17. Bf4 a4 18. Rb1 axb3 19. axb3 Ne5 20. Rfd1 Ra3 21. Be3 Qc7 22. f4 Ned7 23. Bf2 h5 24. b4 Ne6 25. Qc1 Ra8 26. Qd2 Nb6 27. Qxd6 Qxd6 28. Rxd6 Nxc4 29. Rdd1 Ra3 30. e5 h4 31. Ra1 hxg3 32. Bxg3 Rxa1 33. Rxa1 f6 34. Be4 fxe5 35. Bxg6 Rf8 36. fxe5 Nxe5 37. Bh4 Nc4 38. Ra8 Nd4 39. Kh2 Nxe2 1/2-1/2